[Event "YUG-ch 57th"]
[Site "Banja Koviljaca"]
[Date "2002.03.28"]
[Round "12"]
[White "Kovacevic, Aleksandar"]
[Black "Pavlovic, Milos"]
[Result "1/2-1/2"]
[WhiteElo "2549"]
[BlackElo "2497"]
[Annotator "Rogozenco,D"]
[PlyCount "69"]
[EventDate "2002.03.16"]
[EventType "tourn"]
[EventRounds "13"]
[EventCountry "YUG"]
[EventCategory "10"]
[SourceTitle "CBM 089"]
[Source "ChessBase"]
[SourceDate "2002.08.12"]
[SourceVersion "1"]
[SourceVersionDate "2002.08.12"]
[SourceQuality "1"]

1. e4 c5 2. Nf3 e6 3. d4 cxd4 4. Nxd4 Nf6 5. Nc3 Nc6 6. Ndb5 d6 7. Bf4 e5 8.
Bg5 a6 9. Na3 b5 10. Bxf6 gxf6 11. Nd5 f5 12. c3 Bg7 13. exf5 Bxf5 14. Nc2 O-O
15. Nce3 Be6 16. Bd3 f5 17. Qh5 e4 18. Bc2 Ne7 19. Rd1 {Other moves are 19.Bb3,
19.Nxe7 and 19.Nf4. After 19.Rd1 White's next plan is to attack Black's pawn
center with either f3 or g4. Also possible is to play f4 and then either
double rooks on the d-file, or to play for g2-g4. From all White's choices one
can say that 19.Rd1 is in a way the most flexible and logical - it brings the
rook into play increasing the pressure along the d-file, and it keeps other
possibilities open. White rightly considers that the mission of his bishop on
the diagonal b1-h7 isn't finished yet and it might be useful there in case of
the advance g2-g4. In the practice White won approximately twice as many games
as Black, which of course is a good argument in favour of 18.Rd1.On the other
hand there were not so many games played on the top level, so there is plenty
of room for one's own investigations.} b4 {The newest attempt to solve all
Black's problems immediately. Although in the previous two games Black
achieved very comfortable positions, White should be able to put more serious
problems. Black has many other ways after 19.Rd1, the most popular being 19. ..
. Ng6.} (19... Ng6 {A logical looking move, that's why it is met more often
than other alternatives. Transferring the knight to kingside is a typical
maneuver in Sveshnikov Sicilian. It also creates the positional threat f5-f4,
which wasn't impossible immediately due to 19.Bxe4, attacking h7. But there
are drawbacks as well. Black releases too early pressure from square d5 and it
gives White a choice from two pleasant options: the aggressive 19.g4 and the
more positional 19.f4, which is used by Ponomariov. In both cases Black has
problems to find a clear way to equality.}) (19... Rc8 {Together with another
rook move - 19. ... Ra7 - I consider it to offer Black best chances to solve
opening problems after 19.Rd1.}) 20. O-O (20. cxb4 Nxd5 21. Nxd5 Bxb2 22. O-O
Be5 23. Kh1 Kh8 24. f3 Rc8 25. Bb1 Bf7 26. Qh6 exf3 27. gxf3 {Black is
slightly better, 1/2-1/2 Goloshchapov,A-Volzhin,A/Moscow 1999 (38).} (27. Rxf3
$2 Bxd5)) (20. Nxb4 {Most critical move, otherwise 19. ... b4 easily equalizes.
} Rb8 (20... a5 {I analyzed it in CBM86, considering that Black must fight for
a draw in an inferior position, so here I will look to 20. ... Rb8 (which was
only mentioned as possible in CBM86).}) 21. Bb3 ({After} 21. O-O a5 22. Nbd5
Nxd5 23. Nxd5 Rxb2 24. Bb3 Kh8 {Black is at least equal.}) 21... Bxb3 22. axb3
a5 (22... Rxb4 $5 23. cxb4 d5 {A very attractive exchange sac. Only practical
games can show if Black has enough counterchances.}) 23. Nbd5 Rxb3 24. Nxe7+
Qxe7 25. Nxf5 Qf6 26. Rd5 (26. g4 $6) 26... Rxb2 27. O-O a4 {Looks like thanks
to his a-pawn Black has enough play. For instance:} 28. Qg4 {threatening 29.
Nxg7 and 30.Rg5} Kh8 29. Qxe4 a3 {followed by a2.}) 20... bxc3 21. bxc3 Kh8 22.
Bb3 {A novelty which doesn't change the evaluation of the position - Black has
comfortable play.} (22. g3 Rc8 23. Bb3 Bf7 24. Qe2 Bxd5 25. Nxd5 Nxd5 26. Bxd5
a5 27. c4 Rb8 {1/2-1/2 Ponomariov,R-Leko,P/Yerevan 2001.}) 22... Ng6 23. f4 Rc8
24. Kh1 Bxd5 (24... a5 $11) 25. Bxd5 (25. Nxd5 a5 $11) 25... Qh4 (25... Rxc3 $5
$132 26. Nxf5 $140 e3 27. Rde1 e2 $1 28. Rf2 (28. Rxe2 $2 Nxf4 $19) 28... Rc5
$36) 26. Qxh4 Nxh4 27. c4 Rb8 28. Rf2 (28. g3 Nf3 29. Nxf5 $140 Rb2 $1) 28...
a5 29. Bc6 (29. g3 Nf3 (29... Ng6 30. Be6 Ne7 31. Rxd6 Bb2 32. Rd7 Ba3 $14) 30.
Nxf5 Rxf5 31. Bxe4 Nd4 32. Bxf5 Nxf5 $13) 29... Rb4 30. Bb5 (30. g3 Nf3 31.
Nxf5 Rxf5 32. Bxe4 Nd4 33. Bxf5 Nxf5 $13) 30... Rb2 31. Kg1 {For some reasons
White didn't take the pawn. Black has some compenstation thanks to his active
minor pieces, but still White looks better.} (31. Rxb2 Bxb2 32. Rxd6 Bc1 $140
33. Nd5) 31... Bc3 32. Rxd6 (32. Rxb2 Bxb2 33. Rxd6 Ba3 $5 34. Rc6 (34. Rd5 Bc1
) 34... Rd8 35. Nd5 {and again Black cannot create counterchances because the
rook cannot penetrate into White's camp.}) 32... Rb1+ 33. Rf1 Rb2 34. Rf2 Rb1+
35. Rf1 1/2-1/2

[Event "Pamplona-A 16th"]
[Site "Pamplona"]
[Date "2006.12.22"]
[Round "1"]
[White "Korneev, Oleg"]
[Black "Shirov, Alexei"]
[Result "0-1"]
[WhiteElo "2657"]
[BlackElo "2720"]
[Annotator "Rogozenco,D"]
[PlyCount "80"]
[EventDate "2006.12.22"]
[EventType "tourn"]
[EventRounds "7"]
[EventCountry "ESP"]
[EventCategory "17"]
[SourceTitle "CBM 116"]
[Source "ChessBase"]
[SourceDate "2007.02.01"]
[SourceVersion "1"]
[SourceVersionDate "2007.02.01"]
[SourceQuality "1"]

1. e4 c5 2. Nf3 Nc6 3. d4 cxd4 4. Nxd4 Nf6 5. Nc3 e5 6. Ndb5 d6 7. Bg5 a6 8.
Na3 b5 9. Nd5 Be7 10. Bxf6 Bxf6 11. c3 O-O 12. Nc2 Bg5 13. a4 bxa4 14. Rxa4 a5
15. Bb5 {The Smyslov variation is out of fashion these days. Black has found
clear ways to achieve a good play.} Ne7 16. Ncb4 Bh3 {Adorjan's idea to
protect Ra8 with tempo was implemented for the first time in practice by Leko
in 2001. It represents one of the continuations which offers Black sufficient
counterplay.} (16... Bd7 $11) 17. Nxe7+ ({As indicated by Leko, in case of} 17.
gxh3 axb4 18. Nxb4 {Black achieves wonderful compensation for the pawn with}
Rxa4 19. Bxa4 f5 $44) 17... Qxe7 18. Bc6 {The present game shows that
ambitious play brings White only troubles.} (18. Nd5 $142 Qb7 19. Bc4 (19. c4
Be6 $11) 19... Bd7 (19... Be6 20. b3 $14) 20. Ra2 $11) (18. gxh3 axb4 19. Rxb4
Bf4 $44 (19... Qe6 $44)) 18... Rac8 (18... Bxg2 19. Rg1 Rac8 20. Rxa5 Bh3 {
is the same as 18...Rac8.}) 19. Rxa5 ({Perhaps White should consider} 19. Nd5
Qd8 20. gxh3 Rxc6 21. Qg4 $13 {when the strong knight on d5 compensates for
the poor pawn structure on the kingside. The king will go to g2. Comparing to
the game it is more important for White here to exchange the light-squared
bishops than to take the pawn on a5.}) 19... Bxg2 20. Rg1 Bh3 21. Qh5 (21. Ra6
Qf6 $1 $36 {[%cal Gf6h6]} 22. Qh5 $140 Bh4 $17) (21. Nd5 Qd8 22. Ra6 g6 (22...
Bh4 $5 {[%cal Gf7f5]}) 23. b4 f5 24. Qb3 Kh8 25. c4 Bg4 26. b5 Bh4 27. Ra2 Qg5
28. Qc3 Qh5 29. h3 Bf3 (29... Bxh3 $2 30. Nf4 $18 {1-0 Zinchenko,Y (2352)
-Viliavin,R/Alushta 2004 (40)}) 30. Nf4 Qh6 31. Qxf3 (31. Ne6 $2 fxe4 $1 32.
Nxf8 Rxf8 $44 33. Ra8 $140 Rxa8 34. Bxa8 Bd8 $19 {[%cal Gd8a5,Gh6c1]}) 31...
fxe4 32. Qe3 Rxf4 33. Rg4 $13 {/=}) 21... Bh4 22. Qh6 (22. Nd5 Qd8 23. Qh6 g6
24. Ra6 Be6 $15) 22... g6 23. Qe3 {Although played several times before, this
is a rather strange retreat. On h6 the queen was at least exerting some
pressure on Black's position. The maneuver Qd1-h5-h6-e3 turns out to be a
waste of time now.} (23. Ra6 $142 Be6 24. Nd5 Qd8 25. Ke2 $13 {1/2-1/2 Moeller,
R-Gross,K/DESC email 2001 (40)}) 23... Be6 24. Ra7 Qf6 $1 $146 {After this
novelty it becomes clear that White is worse due to the difficulty to find a
safe place for his king.} ({Previously Black played} 24... Rc7 25. Nd5 Bxd5 26.
Rxc7 Qxc7 27. Bxd5 {which is about equal.}) 25. Bd5 ({After} 25. Nd5 Qd8 {
White's pieces lack coordination, while Black can choose the right moment for
active play with ...f5.}) 25... Rb8 26. Ra6 (26. Bxe6 fxe6 $17) 26... Rfc8 27.
Rc6 (27. Bxe6 fxe6 $17 28. Rxd6 $140 Rxb4 29. cxb4 Bxf2+ 30. Qxf2 Rc1+ $19)
27... Rxc6 28. Bxc6 h5 $17 {Gaining more space on the kingside (square g4).
White's position is difficult: with the bishop pair, active pieces and plenty
of targets for attack in opponent's weak pawn structure secures Black a very
easy play.} 29. Bd5 (29. h3 {runs into} Bxh3 ({it is also not clear what to do
after a move like} 29... Kh7 $17) 30. Nd5 (30. Qxh3 Qxf2+ $19) 30... Qe6) 29...
Bg4 30. Kf1 Kg7 31. Ke1 {The rest is a massacre.} Bg5 $19 32. Qg3 (32. Qd3 Qf4
$19) 32... Bf4 33. Qd3 Bxh2 34. Rh1 Qg5 ({The direct} 34... Bf4 {is of course
completely winning too.}) 35. Kf1 Bf4 36. f3 Bd7 37. Qc2 Rxb4 {Ending White's
nightmare.} 38. cxb4 Qg3 39. Qe2 Be3 {Threatening 40...Bb5 followed by the
mate on f2.} 40. b3 Bh3+ (40... Bh3+ 41. Rxh3 Qg1#) 0-1

[Event "Dos Hermanas 10th"]
[Site "Dos Hermanas"]
[Date "1999.04.09"]
[Round "3"]
[White "Polgar, Judit"]
[Black "Illescas Cordoba, Miguel"]
[Result "0-1"]
[WhiteElo "2677"]
[BlackElo "2585"]
[Annotator "Rogozenco,D"]
[PlyCount "122"]
[EventDate "1999.04.06"]
[EventType "tourn"]
[EventRounds "9"]
[EventCountry "ESP"]
[EventCategory "19"]
[SourceTitle "CBM 071"]
[Source "ChessBase"]
[SourceDate "1999.08.01"]
[SourceVersion "1"]
[SourceVersionDate "1999.08.01"]
[SourceQuality "1"]

1. e4 c5 2. Nf3 Nc6 3. d4 cxd4 4. Nxd4 Nf6 5. Nc3 e5 6. Ndb5 d6 7. Bg5 a6 8.
Na3 b5 9. Bxf6 gxf6 10. Nd5 Bg7 11. c3 f5 12. exf5 Bxf5 13. Nc2 O-O 14. Nce3
Be6 15. Bd3 f5 16. O-O {This move is relatively new. It was first met in the
game Ivanchuk-Kramnik/London PCA rapid/1994 and now 16.0-0 became one of the
main continuations here. The alternatives are 16.Bc2 and 16.Qh5.} Kh8 $5 $146 {
Since the above mentioned game a lot of other games were played, but nobody
played this.} (16... e4 17. Nf4 (17. Bc2 $2 f4) 17... Bf7 18. Bc2 Be5 19. Nfd5
Qg5 $5 $13 {Anand,V-Kramnik,V/Linares/1998}) (16... Ra7 17. Qh5 Raf7 18. f4
$146 (18. g4 {is probably dubious, as it allows Black to create a strong
attack, e.g.} e4 19. Bc2 Ne5 20. Nf4 Bd7 21. Bb3 fxg4 22. Ne6 Bxe6 23. Bxe6 Qf6
24. Bxf7+ Rxf7 25. h3 Qe6 26. hxg4 Rf6 27. Kg2 Nd3 28. Qh4 Nf4+ 29. Kg1 h5 30.
g5 Nh3+ 31. Kh1 Rf3 32. Qxh5 Nxf2+ 33. Kg2 Rh3 34. Qe2 Qe5 35. Rg1 Rh2+ 36. Kf1
Nh3 37. Qg4 Nxg1 38. Kxg1 Rxb2 39. Qc8+ Bf8 40. Qh3 Qxg5+ 41. Kh1 Qh6 $19 {
Svidler,P-Kasparov,G/ICC blitz/1998}) 18... Ne7 19. Nxe7+ Qxe7 20. Kh1 (20.
fxe5 Qa7 21. Rae1 dxe5 22. Kh1 e4 23. Bb1 $13) 20... e4 21. Bc2 b4 $5 $13 {
Asrian,K-Rogozenko,D/Elista (ol)/1998} (21... d5 22. Bb3 Qc5 23. Qe2 a5 $15))
17. Qh5 (17. Bc2 {also comes into consideration.}) 17... Bf7 18. Qh3 e4 19. Bc2
Ne5 20. f3 $6 {Now after a forced line Black achieves better prospects.} (20.
Rad1 {was necessary. Only the practice can give a more or less precise
evaluation to this complicated position.}) 20... exf3 21. gxf3 Bxd5 22. Nxd5
Qg5+ 23. Kh1 (23. Qg2 Qxg2+ 24. Kxg2 $11) 23... Qd2 24. Bb3 $6 (24. Nb4 a5 25.
Rad1 Qe2 26. Rde1 Qd2 $11) 24... Nd3 $1 (24... Qxb2 {was also possible, but
the game move looks stronger.}) 25. Qh5 $2 (25. Qh4 Qxb2 $17) 25... Rae8 26.
Qh4 Qxb2 $19 27. Rad1 Qe2 28. Nf4 {What else? The Knight on d3 must be
exchanged, but Black has enough material to win the game.} Nxf4 29. Qxf4 Bxc3
30. Qg3 Be5 31. Qh3 Qe3 32. Rg1 Rf6 33. Rde1 (33. Rg2 Ref8 {/\34. ... Rh6 -+.})
33... Rh6 34. Rxe3 Rxh3 35. Re2 (35. Rg2 Rc8 $19) 35... Rxf3 36. Reg2 Rxb3 $6 {
This was not necessary. Now White has some hopes to save the game.} (36... h6
37. Rg8+ (37. Rg6 Rh3 38. R1g2 a5 $19) 37... Rxg8 38. Rxg8+ Kh7 39. Ra8 Rf2 {
is winning, of course.}) 37. axb3 a5 38. Rc1 $6 (38. Ra2 Ra8 39. Rc1 $17) (38.
Rd1 a4 39. bxa4 bxa4 40. Ra2 Ra8 41. Rd3 $17) 38... a4 39. bxa4 bxa4 40. Ra2 a3
41. Rf1 Bb2 42. Rxf5 Kg7 43. Rd5 (43. Kg2 Rf8 $1) 43... Re6 44. Kg2 Rf6 $1 {
Very good move, cutting the King.} 45. Rd3 Kf7 46. Kg3 {Sooner or later White
will have to take on a3 and it seems that there is no real difference if doing
it now or later, as in the game.} (46. Raxa3 Bxa3 47. Rxa3 Ke6 48. Ra7 h6 $19)
(46. Rf3 Rxf3 47. Kxf3 d5 48. Kf4 Kf6 49. h4 h5 $19) 46... Ke6 47. Kg4 Ke5 48.
Re3+ (48. Kg5 h6+ 49. Kh5 d5 $19) 48... Kd4 49. Rexa3 Bxa3 50. Rxa3 d5 $19 {
Black is too active, so the position is easy winning.} 51. Ra7 h6 52. h4 Ke5
53. Re7+ Kd6 54. Ra7 Ke5 55. Re7+ Re6 56. Rf7 d4 57. Kf3 Kd5 58. Rd7+ Kc4 59.
Rc7+ Kb3 60. Rd7 Kc3 61. Rc7+ Kd2 0-1

[Event "EU-Cup 16th"]
[Site "Neum"]
[Date "2000.09.27"]
[Round "4.2"]
[White "Zontakh, Andrey"]
[Black "Filippov, Valerij"]
[Result "0-1"]
[WhiteElo "2578"]
[BlackElo "2593"]
[Annotator "Rogozenco,D"]
[PlyCount "98"]
[EventDate "2000.09.24"]
[EventType "team-swiss"]
[EventRounds "7"]
[EventCountry "BIH"]
[SourceTitle "CBM 080"]
[Source "ChessBase"]
[SourceDate "2001.01.25"]
[SourceVersion "1"]
[SourceVersionDate "2001.01.25"]
[SourceQuality "1"]
[WhiteTeam "Boksit Milici"]
[BlackTeam "Tomsk Siberia"]
[WhiteTeamCountry "BIH"]
[BlackTeamCountry "RUS"]

1. e4 c5 2. Nf3 e6 3. d4 cxd4 4. Nxd4 Nf6 5. Nc3 Nc6 6. Ndb5 d6 7. Bf4 e5 8.
Bg5 a6 9. Na3 b5 10. Bxf6 gxf6 11. Nd5 f5 12. c3 Bg7 13. exf5 Bxf5 14. Nc2 Be6
15. g3 O-O 16. Bg2 a5 17. O-O f5 18. Qh5 b4 19. Rad1 bxc3 20. bxc3 Rb8 21. Nce3
Kh8 22. Rd2 (22. f4 e4 23. g4 (23. Bh3 Qd7 24. Rf2 (24. Kh1 $6 Rb2 $36 {
0-1 Topalov,V-Krasenkow,M/Polanica Zdroj 1995 (31)}) 24... Rb5 25. Rfd2 Rc5 26.
Kh1 Qf7 27. Qxf7 Rxf7 28. Nb6 Rxc3 29. Rxd6 Bxa2 30. Nxf5 Bf8 $13 {1/2-1/2
Sokolov,A-Filippov,V/Elista 1995 (49)}) 23... Ne7 $1 $13) 22... Rb5 23. Rfd1 (
23. f4 Ne7 24. c4 Rc5 25. Rb1 e4 26. Bh3 Bxd5 27. cxd5 Qc8 $13 {0-1 Vorobiov,
E-Belikov,V/Moscow 1996 (30)}) 23... Rc5 24. f4 e4 25. Kh1 {It seems that in
this line White just has no enough time for all prophylactical moves.} Ne7 {
[%csl Rc3,Rd5]} 26. c4 (26. Nxe7 Qxe7 27. c4 Bxc4 28. Nxc4 Rxc4 29. Rxd6 Rc2
$17) 26... Nxd5 27. cxd5 (27. Nxd5 Rxc4 $19) 27... Bd7 $17 {White lost the
strategical battle. His Rooks are doubled on the d-file behind his own pawn.}
28. g4 Be8 29. Qh3 fxg4 30. Qxg4 Bd7 31. f5 Rc3 (31... Bh6 32. Re2 Bxe3 33.
Rxe3 Bxf5 $17) 32. Re2 Qb6 33. Qg5 Bb5 34. Ree1 Bf6 35. Qh6 (35. Qf4 $142)
35... Qd8 $1 {[%cal Rf6h4]} 36. Qh5 (36. Ng4 Bg5 37. Qe6 e3 $17) 36... Bh4 37.
Bxe4 Bxe1 38. Rxe1 Qc7 39. Qh6 Qg7 40. Qf4 Qd4 $19 41. Ng4 Bd3 42. Nf2 Bxe4+
43. Nxe4 Qxd5 44. f6 Rc2 45. a4 Qe6 46. Rf1 Rc4 47. Re1 d5 48. Qd6 Qf7 49. Nd2
Rc2 0-1

[Event "Corus"]
[Site "Wijk aan Zee"]
[Date "2006.01.24"]
[Round "9"]
[White "Anand, Viswanathan"]
[Black "Van Wely, Loek"]
[Result "1-0"]
[WhiteElo "2792"]
[BlackElo "2647"]
[Annotator "Rogozenco,D"]
[PlyCount "83"]
[EventDate "2006.01.14"]
[EventType "tourn"]
[EventRounds "13"]
[EventCountry "NED"]
[EventCategory "19"]
[SourceTitle "CBM 111"]
[Source "ChessBase"]
[SourceDate "2006.04.04"]
[SourceVersion "1"]
[SourceVersionDate "2006.04.04"]
[SourceQuality "1"]

1. e4 c5 2. Nf3 Nc6 3. d4 cxd4 4. Nxd4 Nf6 5. Nc3 e5 6. Ndb5 d6 7. Bg5 a6 8.
Na3 b5 9. Nd5 Be7 10. Bxf6 Bxf6 11. c3 Bg5 12. Nc2 Rb8 13. a4 bxa4 14. Ncb4 Bd7
15. Bxa6 Nxb4 16. cxb4 {This move has been known for some time to offer White
sufficient compensation for the exchange, but up to this game it has been
considered that Black should have no problems to hold the position.} ({The main
} 16. Nxb4 {is analyzed very deeply. The verdict is that with accurate defence
Black achieves a draw:} Qa5 17. Qxd6 Rb6 18. Qd3 Be7 19. Nd5 Rxb2 20. O-O Qc5
21. Rab1 Rxb1 22. Rxb1 O-O 23. Bb5 Be8 24. Bxe8 Rxe8 25. Rb7 Bd6 26. Qa6 a3 {
1/2-1/2 Motylev,A (2651)-Timofeev,A (2611)/Moscow 2004}) 16... O-O 17. O-O Bc6
18. Rxa4 Bxa4 19. Qxa4 Qe8 $146 {The endgame turns out to be in White's favour,
therefore critical remain other moves: 19...f5, 19...g6 and 19...Kh8.} (19...
f5 20. exf5 (20. b5 Kh8 21. exf5 Qd7 22. Qc4 $2 Qxf5 23. f3 Bd8 24. Rc1 (24.
Qc6 Qd3 $132) 24... Qd7 25. b4 Qa7+ 26. Kh1 Qf2 27. Qd3 Bb6 28. Rf1 Qh4 29. Rd1
Bd4 $19 {0-1 Norgaard,J (2315)-Horvath,T (2440)/Copenhagen 1984 (38)}) 20...
Rxf5 21. Bd3 (21. b5 $5) 21... Rf8 22. b5 Qd7 23. Qe4 g6 24. g3 Bd8 25. f4 Bb6+
26. Nxb6 Rxb6 27. fxe5 Rxf1+ 28. Bxf1 dxe5 29. Qxe5 h6 30. h4 h5 {1/2-1/2
L'Ami,E (2353)-Moser,E (2339)/Augsburg 2002}) (19... g6 20. Qc6 Bd2 21. b5 Ba5
22. Bb7 f6 $1 {[%cal Gf8f7]} 23. b4 Bb6 24. Nxb6 Rf7 25. Rd1 (25. Nd5 Rfxb7 26.
b6 Rxb6 27. Nxb6 Qxb6 $11) 25... Rfxb7 26. Rxd6 Qxd6 27. Qxd6 Rxb6 28. Qd5+ Kf8
29. h4 R8b7 30. g4 Rxb5 31. Qd6+ Kg7 32. g5 fxg5 33. hxg5 h6 34. Qf6+ Kh7 35.
gxh6 Rxb4 36. Qxe5 Rf7 37. Kg2 Rb6 38. Qd4 Rbf6 39. e5 Rxf2+ 40. Qxf2 Rxf2+ {
1/2-1/2 Barua,D (2520)-Lalic,B (2545)/Ubeda 1998}) (19... Kh8 $13) 20. Qxe8 (
20. b5 Bd8 (20... f5 $5) (20... Kh8 $5) 21. Rc1 Bb6 22. Rc6 Bd4 $13) 20...
Rfxe8 ({Deserves attention} 20... Rbxe8 21. b5 f5 {but this looks much too
artificial.}) 21. b5 {Everything is simple - the pawn goes to b7 and it is
clear that Black has a difficult defence. Maybe he can hold, but only White
can play for a win.} f5 (21... Bd8 22. Rc1 $16 {[%cal Gc1c6]}) 22. b6 $1 (22.
exf5 e4 23. b6 Re5 24. Bc4 Kf8 {leaves Black with more chances to escape.}) (
22. h4 Bxh4 $1) 22... fxe4 23. h4 $6 {Anand demonstrates resources of White's
position, but this unexpectedly offers Black concrete possibilities for
counterplay. The general idea is to distract the bishop either from c1 or from
e7 (the knight can sometimes come to c6 via e7.} (23. Re1 $5 {[%cal Ge1e4,
Ge4c4,Ye1e2,Ye2c2,Rb6b7,Rc2c8]}) ({The most precise move order seems to be} 23.
b7 $1 Kf7 24. h4 $1 Bxh4 25. Rc1 {transposing into 23.h4 Bxh4 24.Rc1 Kf7 25.b7,
see below.}) 23... Bd2 $2 {Understandable desire to control square c1. However,
instead of this Black should have tried to create counterplay, since after the
game move White's rook can be transferred on the c-file anyway.} (23... Bxh4 {
was the only chance:} 24. Rc1 Rf8 $1 (24... Kf7 $2 {is not enough:} 25. b7 Rf8
(25... Ke6 26. Nc7+ Ke7 27. Nxe8 Rxe8 28. Rc8 $18) 26. g3 (26. Rc8 Ke6 27. Nb4
Bxf2+ 28. Kh2 d5 29. Nc6 Rfxc8 30. bxc8=Q+ Rxc8 31. Bxc8+ Kd6 $17) 26... Bg5
27. Rc8 Ke6 (27... Bd2 28. Nb6 Ke7 29. Rxf8 Rxf8 30. Nc8+ $18) 28. Nb6 (28. Nb4
e3 29. fxe3 Bxe3+ 30. Kg2 d5 31. Nc6 Rxb7 32. Bxb7 Rf2+ 33. Kh3 Rxb2 $11) 28...
Rd8 (28... e3 29. Rxf8 $18) 29. Bc4+ Kf5 30. Bd5 e3 31. Kf1 exf2 (31... e4 32.
fxe3 Bxe3 33. Rxd8 Rxd8 34. Nc8 $18) 32. Kxf2 e4 33. Rxb8 Rxb8 34. Nd7 $18) (
24... Bg5 $5 25. Rc7 e3 $132) 25. g3 Bg5 26. Rc6 (26. Rc7 e3 27. fxe3 Rxb6 $1)
26... Kf7 (26... Rfd8 27. b7 Kf7 28. Rc7+ Ke6 29. Bc4 $16) 27. Rxd6 (27. b7 Ke6
28. Nb6 Bd8 $13 (28... Rfd8 $5)) 27... Rfd8 28. Rc6 e3 29. fxe3 Rxd5 30. Bc4
Bxe3+ 31. Kg2 Rxb6 32. Bxd5+ Ke7 $11) 24. b7 Kf7 25. Rd1 Bh6 26. Nb4 Ke7 27.
Nd5+ Kf7 28. g4 Bf4 29. Re1 g5 (29... Red8 $142 30. Rxe4 g5 (30... Rd7 31. Rb4
$1)) 30. Re2 $1 {[%cal Ge2c2] If not from c1, then from c2!} ({Taking pawn e4
means in some variations to help Black including his bishop into defence:} 30.
Rxe4 Red8 31. Nb4 d5 32. Re2 gxh4 33. Rc2 e4 $13 {[%cal Gf4b8]}) (30. h5 {
looks also strong to me, preventing Black's 30...gxh4, possible in the game.})
30... Red8 ({There is no clear win for White after} 30... gxh4 31. Rc2 ({
White can play} 31. Kg2 {of course, but then it is clear that Black had to
insert 30...gxh4.}) 31... h3 32. Rc7+ ({or} 32. Rc8 Bd2) 32... Kg6 33. Ne7+ Kg5
34. Nc6 e3 35. fxe3 Bxe3+ 36. Kh2 Kxg4) 31. Nb4 $1 (31. Rc2 Rd7 $1) 31... d5 (
31... gxh4 32. Nc6 h3 33. Nxd8+ Rxd8 34. Rc2 $18) ({The idea of the previous
move is:} 31... Rd7 32. Nc6 Rdxb7 33. Bxb7 Rxb7 34. Nd8+ $18) 32. Nc6 Rg8 33.
Nxb8 Rxb8 34. h5 $1 {Black cannot keep his h-pawn alive, which means that
White will create the second passed pawn. Meaning he wins easily.} Ke7 35. Kf1
d4 36. Rc2 e3 37. fxe3 dxe3 38. Rc7+ Kf6 39. Rxh7 e4 40. Bc4 Rd8 41. Rf7+ Ke5
42. Rd7 {In the present game Black missed several possibilities for
counterplay, but White also could have played more accurate. Only the future
practice will show if the endgame after 20.Qxe8 is defensible for Black.} 1-0